Sociedad civil y perplejidad ante la democracia
שמור ב:
| פורמט: | Texto |
|---|---|
| נושאים: | |
| תגים: |
הוספת תג
אין תגיות, היה/י הראשונ/ה לתייג את הרשומה!
|
MARC
| LEADER | 00000 a a2200000 04500 | ||
|---|---|---|---|
| 001 | 9653 | ||
| 003 | |||
| 040 | |||
| 245 | |a Sociedad civil y perplejidad ante la democracia | ||
| 650 | |a SOCIEDAD CIVIL | ||
| 650 | |a DEMOCRACIA | ||
| 650 | |a AUTORITARISMO | ||
| 650 | |a REFORMA POLITICA | ||
| 773 | |g volumen 7, número 30; páginas 112-119 | ||
| 999 | |c 29383 |d 29383 | ||
